| 000 | 00656nam a22002417a 4500 | ||
|---|---|---|---|
| 003 | UA-OsUOA | ||
| 001 | 31713 | ||
| 007 | ta | ||
| 008 | 20050111b un ||||| |||| 00| 0 ukr d | ||
| 100 | _aКомолова Н. П. | ||
| 090 |
_a94(450)"19" _bК63 |
||
| 942 | _cBK | ||
| 040 |
_aUA-OsUOA _brus _cUA-OsUOA _dUA-OsUOA |
||
| 245 | _aДвижение сопротивления и политическая борьба в Италии 1943-1947 гг. | ||
| 300 | _a443 с. | ||
| 955 | _a0 | ||
| 041 | _arus | ||
| 080 | _a94(450)"19" | ||
| 260 |
_aМосква _bНаука _c1972 |
||
| 044 | _aRU | ||
| 650 | 7 | _2UDC | |
| 999 |
_c318143 _d318143 |
||